Las cooperativas y sus asociados / (Registro nro. 4679)
[ vista simple ]
| 000 -LEADER | |
|---|---|
| fixed length control field | 00912nam a2200217Ia 4500 |
| 003 - CONTROL NUMBER IDENTIFIER | |
| control field | OSt |
| 005 - DATE AND TIME OF LATEST TRANSACTION | |
| control field | 20200625142650.0 |
| 008 - FIXED-LENGTH DATA ELEMENTS--GENERAL INFORMATION | |
| fixed length control field | 191128s1960 mx fr 000 0 spa d |
| 040 ## - CATALOGING SOURCE | |
| Original cataloging agency | CO-JMCR |
| Transcribing agency | CO-JMCR |
| 041 0# - LANGUAGE CODE | |
| Language code of text/sound track or separate title | spa |
| 082 04 - DEWEY DECIMAL CLASSIFICATION NUMBER | |
| Classification number | 334.08 / |
| Item number | C413c |
| Edition number | 23 |
| 100 1# - MAIN ENTRY--PERSONAL NAME | |
| Personal name | Cerdá y Richart, Baldomero, |
| Relator term | autor |
| 9 (RLIN) | 6187 |
| 245 14 - TITLE STATEMENT | |
| Title | Las cooperativas y sus asociados / |
| Statement of responsibility, etc. | Baldomero Cerdá y Richart |
| 260 ## - PUBLICATION, DISTRIBUTION, ETC. | |
| Place of publication, distribution, etc. | México : |
| Name of publisher, distributor, etc. | Editorial Nacional Edinal, |
| Date of publication, distribution, etc. | 1960 |
| 300 ## - PHYSICAL DESCRIPTION | |
| Extent | 94 páginas ; |
| Dimensions | 17 cm. |
| 490 0# - SERIES STATEMENT | |
| Series statement | Temas coorporativos ; |
| Volume/sequential designation | 2 |
| 505 0# - FORMATTED CONTENTS NOTE | |
| Formatted contents note | De los cooperadores -- Del ingreso -- De las bajas -- De los derechos de los asociados -- De las obligaciones de los asociados -- De las prohibiciones y excepciones -- De las responsabilidades y sanciones -- De los cargos directivos y gestores |
| 650 14 - SUBJECT ADDED ENTRY--TOPICAL TERM | |
| Topical term or geographic name entry element | Cooperativas |
| General subdivision | asociados |
| 9 (RLIN) | 6188 |
| 650 14 - SUBJECT ADDED ENTRY--TOPICAL TERM | |
| Topical term or geographic name entry element | Cooperativas |
| General subdivision | legislación |
| Geographic subdivision | México |
| 9 (RLIN) | 6189 |
| 942 ## - ADDED ENTRY ELEMENTS (KOHA) | |
| Source of classification or shelving scheme | Dewey Decimal Classification |
| Koha item type | Books |
| Withdrawn status | Lost status | Source of classification or shelving scheme | Damaged status | Not for loan | Collection code | Home library | Current library | Date acquired | Source of acquisition | Cost, normal purchase price | Total Checkouts | Full call number | Barcode | Date last seen | Copy number | Koha item type |
|---|---|---|---|---|---|---|---|---|---|---|---|---|---|---|---|---|
| Dewey Decimal Classification | Non-fiction | Biblioteca Pública José María del Castillo y Rada | Biblioteca Pública José María del Castillo y Rada | 04/15/2018 | Donación | 0.00 | 334.08 / C413c | 201809690 | 05/16/2024 | Ej.1 | Books |